| 000 | 00627nam a2200133Ia 4500 | ||
|---|---|---|---|
| 008 | 171212s9999 xx 000 0 und d | ||
| 020 | _a9780833030061 | ||
| 100 | _aRabasa, Angel;Chalk, Peter | ||
| 245 |
_cRabasa, Angel;Chalk, Peter _aIndonesia's Transformation and the Stability of Southeast Asia |
||
| 260 |
_bRAND Corporation _c2001 |
||
| 650 | _aNational security -- Indonesia; Indonesia -- Strategic aspects; Indonesia -- Politics and government -- 1998–; Asia, Southeastern -- Strategic aspects; National security -- Asia, Southeastern | ||
| 650 | _aPolitical Science | ||
| 856 | _uwww.jstor.org/stable/10.7249/mr1344af | ||
| 999 |
_c352221 _d352221 |
||